000 00479nam a2200169Ia 4500
999 _c21941
_d21941
003 OSt
005 20200319122112.0
008 190216s9999||||xx |||||||||||||| ||und||
040 _coclc
082 _a297
_bMOU/Q
100 _aMoududi, Abul A'ala
_92077
245 0 _aQuthu Bath /
_cAbul A'ala Moududi
260 _bIslamic Publishing House,
_c1963.
_aCalicut:
300 _a415p
650 _aIslamic History
942 _cBK
_2ddc
_h297
_iMOU/Q
_k297
_mMOU/Q